000 00365nam a2200133Ia 4500
008 151001s9999||||xx |||||||||||||| ||und||
100 _aअनंत तिबिले
245 _aखुदा का बंदा
250 _a1
260 _bविभासा पुस्तक महाल
260 _c2007
300 _a256
365 _b18
999 _c990030
_d990027